|
|
|
|
| LEADER |
01058nam a22003251a 4500 |
| 001 |
000036199 |
| 003 |
12493 |
| 005 |
20160328000000.0 |
| 008 |
160328s2008 000 chi |
| 041 |
|
|
|a chi
|
| 082 |
|
|
|a 657
|b NG-U
|
| 100 |
|
|
|a 刘晓民
|
| 245 |
|
|
|a Nguyên lý kế toán/基础会计学
|c 刘晓民
|
| 260 |
|
|
|a 清华大学
|c 2008
|
| 300 |
|
|
|a 244tr . : mh ; 30cm
|
| 650 |
|
|
|a Nguyên lý kế toán, 基础会计学, 4152783
|
| 852 |
|
|
|b Chuyên đề
|c Giáo trình
|
| OWN |
|
|
|a LNN
|
| AVA |
|
|
|a UDN50
|b LNN
|d 657 NG-U
|e available
|t Error 5001 Not defined in file expand_doc_bib_avail.
|f 1
|g 0
|h N
|i 0
|k 1
|
| 999 |
|
|
|a From the UDN01
|
| AVA |
|
|
|a UDN50
|b LNN
|d 657 NG-U
|e available
|t Error 5001 Not defined in file expand_doc_bib_avail.
|f 1
|g 0
|h N
|i 0
|k 1
|
| TYP |
|
|
|a Monograph
|
| TYP |
|
|
|a Printed language
|
| 980 |
|
|
|a Mạng thư viện Đại học Đà Nẵng
|